000 00808nam a2200253Ia 4500
003 OSt
005 20220923225544.0
006 a|||||r|||| 00| 0
007 ta
008 220922b |||||||| |||| 00| 0 hin d
024 _a271,090
037 _cTextual
040 _aARTS
_cARTS
_bhin
041 _2hin
_ahin
082 _aO153,3xN9, 152M7
100 _aमहलान, महेंद्रसिंह, संपा.
245 0 _aसंघर्ष
246 _aSangharṣha
260 _aदिल्ली
_b दिशा प्रकाशन
_c1987
300 _a144पृ.
_ccm.
650 _aपंजाबी निबंध
942 _hO153,3xN9, 152M7
_cTEXL
_2CC
999 _c379082
_d379082